Mirarán hacia El: episodios evangélicos

Sábháilte in:
Sonraí bibleagrafaíochta
Príomhchruthaitheoir: Reynés Monlaur, Marie (autora)
Formáid: LEABHAR
Teanga:Spáinnis
Foilsithe / Cruthaithe: Barcelona Gustavo Gili 1909
Eagrán:1a. ed
Ábhair:
Clibeanna: Cuir clib leis
Níl clibeanna ann, Bí ar an gcéad duine le clib a chur leis an taifead seo!

MARC

LEADER 00000cam a2200000 a 4500
001 UCD0849
003 CL-VaPUC
008 151218e19090000sp |||||||||||||||||spa|d
082 0 4 |a 264.34  |b MON  |2 21 
100 |a Reynés Monlaur, Marie   |e autora  |9 583876 
245 1 0 |a Mirarán hacia El: episodios evangélicos 
250 |a 1a. ed 
300 |a 223 p 
942 |c BK 
945 |d 20151218 14:15:00  |a gsalatino 
260 |a Barcelona  |b Gustavo Gili  |c 1909 
650 0 |a Lecturas bíblicas   |9 430948 
650 0 |a Religión   |9 255164 
650 7 |a EVANGELIO  |2 CL-VaPUC  |9 368586 
583 |a last modification  |c 20151218 14:15:00  |k Rodrigo Vera 
999 |c 362286  |d 362284 
952 |0 0  |1 0  |3 erd  |4 0  |6 264_340000000000000_MON_1909  |7 0  |8 P  |9 473343  |a BIBTEO  |b BIBTES  |c TEO_FTES  |i 5273919  |o 264.34 MON 1909  |p 5273919  |r 2024-01-18  |w 2019-11-24  |y BK  |z Catalogado en:20151218  |k ICR